LIBRARY ONLINE CATALOGUE

Immunology : (Record no. 10814)

MARC details
000 -LEADER
fixed length control field 00772nam a22002292 4500
001 - CONTROL NUMBER
control field 0000004853
005 - DATE AND TIME OF LATEST TRANSACTION
control field 20151217154351.0
008 - FIXED-LENGTH DATA ELEMENTS--GENERAL INFORMATION
fixed length control field 070530s xx 000 0 eng d
040 ## - CATALOGING SOURCE
Original cataloging agency KABU
Transcribing agency KABU
050 #0 - LIBRARY OF CONGRESS CALL NUMBER
Classification number QR181
Item number .E54 1996
100 1# - MAIN ENTRY--PERSONAL NAME
Personal name Elgert, Klaus D.
-- 0000155730
245 10 - TITLE STATEMENT
Title Immunology :
Remainder of title understanding the immune system /
Statement of responsibility, etc. Klaus D. Elgert.
260 ## - PUBLICATION, DISTRIBUTION, ETC. (IMPRINT)
Place of publication, distribution, etc. New York :
Name of publisher, distributor, etc. John Wiley & Sons,
Date of publication, distribution, etc. 1996.
300 ## - PHYSICAL DESCRIPTION
Extent x, 468 p. ;
Dimensions 29 cm.
650 #0 - SUBJECT ADDED ENTRY--TOPICAL TERM
Topical term or geographic name as entry element Immunology.
-- 0000075663
908 ## - PUT COMMAND PARAMETER (RLIN)
Put command parameter 070530
950 ## - LOCAL HOLDINGS (RLIN)
-- 1
Holdings
Withdrawn status Lost status Source of classification or shelving scheme Not for loan Home library Current library Date acquired Total Checkouts Total Renewals Full call number Barcode Date last seen Date last checked out Price effective from Koha item type
    Library of Congress Classification   Kabarak, Main Campus Kabarak, Main Campus 17/12/2015 20 1 QR181 .E54 1996 004452 22/04/2026 30/03/2026 17/12/2015 General Collection
    Library of Congress Classification   Kabarak, Main Campus Kabarak, Main Campus 17/12/2015 27 2 QR181 .E54 1996 004453 29/02/2024 15/02/2024 17/12/2015 General Collection
    Library of Congress Classification   Kabarak, Main Campus Kabarak, Main Campus 17/12/2015 19 1 QR181 .E54 1996 004455 17/11/2025 10/03/2022 17/12/2015 General Collection
    Library of Congress Classification   Kabarak, Main Campus Kabarak, Main Campus 17/12/2015 19   QR181 .E54 1996 004456 12/04/2022 26/03/2022 17/12/2015 General Collection